000 00754nam a2200265Ia 4500
003 OSt
005 20220918212124.0
006 a|||||r|||| 00| 0
007 ta
008 220917b |||||||| |||| 00| 0 eng d
024 _a127,333
037 _cTextual
040 _aARTS
_cARTS
_beng
041 _2eng
_aeng
082 _aX0aY:5.6, N3
100 _aMafeje Archie ed
_9122559
245 0 _aEconomic and demographic change in Africa
260 _aOxford
_bClarendon Press
_c1995
300 _aix,173p.
_ccm.
490 _aInternational studies in demography
650 _aECONOMICS
700 _a Radwan Samir ed
_9122560
942 _hX0aY:5.6, N3
_cTEXL
_2CC
999 _c250475
_d250475